000
00263nam a2200109Ia 4500
008
200302s9999 xx 000 0 und d
100
_a
Prithvish Nag
245
_a
Census Mapping Survey
260
_b
Concept Publishing Co. Ltd.
260
_c
1984
300
_a
299 P.,
999
_c
5563
_d
5563